00338nam a2200133Ia 4500008004100000041000800041082001200049100001700061245004400078260003400122300003300156365000900189440000600198240624s9999 xx 000 0 und d aeng a904 GUN aGUNN ANGUS M aENCYCLOPEDIA OF DISASTERS ENVIRONMENTAL c2008aLondonbGreenwood Press alxiii, : 358 : p. : cm. ; 26 cb25 v2